Nueva historia de la literatura americana
Tallennettuna:
| Päätekijä: | |
|---|---|
| Aineistotyyppi: | Kirja |
| Kieli: | espanja |
| Julkaistu: |
Valparaíso
Universitarias de Valparaíso
1982
|
| Painos: | 6a. ed |
| Aiheet: | |
| Tagit: |
Lisää tagi
Ei tageja, Lisää ensimmäinen tagi!
|
MARC
| LEADER | 00000nam a2200000 a 4500 | ||
|---|---|---|---|
| 001 | UCZ0060 | ||
| 003 | CL-VaPUC | ||
| 008 | 950724e19820000CL |||||||||||||||||spa|d | ||
| 082 | 0 | 4 | |a H860.9 |b SAN |2 21 |
| 100 | 0 | |a Sánchez, Luis Alberto |e author |9 342643 | |
| 245 | 1 | 0 | |a Nueva historia de la literatura americana |
| 250 | |a 6a. ed | ||
| 300 | |a 615 p | ||
| 942 | |c BK | ||
| 945 | |d 19950724 00:00:00 |a cmena | ||
| 260 | |a Valparaíso |b Universitarias de Valparaíso |c 1982 | ||
| 650 | 0 | |a Literatura |9 259151 | |
| 650 | 7 | |a HISTORIA LITERARIA |2 CL-VaPUC |9 313318 | |
| 650 | 7 | |a INVESTIGACION LITERARIA |2 CL-VaPUC |9 324493 | |
| 650 | 0 | |a Formas y géneros literarios |9 324031 | |
| 651 | 0 | |a América |9 255182 | |
| 583 | |a last modification |c 20171130 17:22:56 |k Rodrigo Vera | ||
| 999 | |c 237033 |d 237031 | ||
| 952 | |0 0 |1 0 |4 0 |6 H_860_900000000000000_SAN_1982 |7 0 |8 A |9 245696 |a BIBEDU |b BIBEDU |d 2019-11-18 |i 1542192 |o H860.9 SAN 1982 |p 1542192 |r 2019-11-18 |w 2019-11-18 |y BK |k EDU | ||
| 952 | |0 0 |1 0 |4 0 |6 H_860_900000000000000_SAN_1982 |7 0 |8 A |9 245697 |a BIBEDU |b BIBEDU |d 2019-11-18 |i 3269337 |o H860.9 SAN 1982 |p 3269337 |r 2019-11-18 |w 2019-11-18 |y BK |k LIT | ||
| 952 | |0 0 |1 0 |4 0 |6 H_860_900000000000000_SAN_1982 |7 0 |8 A |9 245698 |a BIBEDU |b BIBEDU |d 2019-11-18 |i 3269345 |o H860.9 SAN 1982 |p 3269345 |r 2019-11-18 |w 2019-11-18 |y BK |k LIT | ||
| 952 | |0 0 |1 0 |4 0 |6 H_860_900000000000000_SAN_1982 |7 0 |8 A |9 245699 |a BIBEDU |b BIBEDU |d 2019-11-18 |i 3800210 |o H860.9 SAN 1982 |p 3800210 |r 2019-11-18 |w 2019-11-18 |y BK |k LIT | ||
| 952 | |0 0 |1 0 |4 0 |6 H_860_900000000000000_SAN_1982 |7 0 |8 A |9 245700 |a BIBEDU |b BIBEDU |d 2019-11-18 |i 3964736 |o H860.9 SAN 1982 |p 3964736 |r 2019-11-18 |w 2019-11-18 |y BK |k LIT | ||
| 952 | |0 0 |1 0 |4 0 |6 H_860_900000000000000_SAN_1982 |7 0 |8 X |9 245701 |a FDOBUD |b FDOBUD |d 2019-11-18 |i 1025139 |o H860.9 SAN 1982 |p 1025139 |r 2019-11-18 |w 2019-11-18 |y BK_X |k BUD | ||